America : nuestras naciones ante los estados unidos /

Guardado en:
Autor Principal: Capdevila, Arturo
Formato: Libro
Publicado: Buenos Aires : M. Gleizer, 1926
Materias:
Etiquetas: Agregar Etiqueta
Sin Etiquetas, Sea el primero en etiquetar este registro!
LEADER 00596nam a22001935a 4500
001 EHU.bham024421
003 AR-BHAM
005 20130507143921.0
008 130507s1926##################000#0#####d
082 9 8 |a 980 
100 1 |a Capdevila, Arturo 
245 1 0 |a America :  |b nuestras naciones ante los estados unidos /  |c Arturo Capdevila 
260 |a Buenos Aires :  |b M. Gleizer,  |c 1926 
300 |a 161 p. 
653 |a Donacion lejarraga 
653 |a America latina 
653 |a America latina-historia 
653 |a America latina-integracion 
859 |a AR-BHAM  |b BIB. HUMANIDADES - General  |h 980  |i C17  |p 159.02  |t Ej.1